|
|
|
|
| LEADER |
00000cam a22000004a 4500 |
| 001 |
musev2_83785 |
| 003 |
MdBmJHUP |
| 005 |
20230905052626.0 |
| 006 |
m o d |
| 007 |
cr||||||||nn|n |
| 008 |
181031t20172017quc o 00 0 fre d |
| 020 |
|
|
|a 9782760546486
|
| 020 |
|
|
|z 9782760546448
|
| 035 |
|
|
|a (OCoLC)1273307698
|
| 040 |
|
|
|a MdBmJHUP
|c MdBmJHUP
|
| 100 |
1 |
|
|a Guay, Christiane.
|4 aut
|
| 245 |
1 |
3 |
|a Le savoir autochtone dans tous ses états :
|b Regards sur la pratique singulière des intervenants sociaux innus d'Uashat mak Mani-Utenam /
|c Christiane Guay.
|
| 264 |
|
1 |
|a Quebec (Quebec) :
|b Presses de l'Universite du Quebec,
|c DL 2017.
|
| 264 |
|
3 |
|a Baltimore, Md. :
|b Project MUSE,
|c 2021
|
| 264 |
|
4 |
|c ©DL 2017.
|
| 300 |
|
|
|a 1 online resource (168 pages):
|b couv. illustrations ;
|
| 336 |
|
|
|a text
|b txt
|2 rdacontent
|
| 337 |
|
|
|a computer
|b c
|2 rdamedia
|
| 338 |
|
|
|a online resource
|b cr
|2 rdacarrier
|
| 490 |
0 |
|
|a Peuples autochtones et enjeux contemporains / sous la direction de la Societe Recherches amerindiennes au Quebec ;
|v 1
|
| 500 |
|
|
|a Titre original de la these : "La rencontre des savoirs à Uashat Mak Mani-Utenam : regards des intervenants sociaux innus sur leur pratique."
|
| 502 |
|
|
|a Texte remanie de : These de doctorat : Sciences sociales : Universite du Quebec en Outaouais : 2010.
|
| 588 |
|
|
|a Description based on print version record.
|
| 650 |
|
7 |
|a Service social
|x Autochtones
|x Inuits.
|2 ram
|
| 650 |
|
7 |
|a Travailleurs sociaux
|x Minorites
|z Quebec (Canada ; province)
|2 ram
|
| 650 |
|
7 |
|a Minority social workers.
|2 fast
|0 (OCoLC)fst01023383
|
| 650 |
|
0 |
|a Innu
|z Quebec (Province)
|z Maliotenam Indian Reserve.
|
| 650 |
|
0 |
|a Innu
|z Quebec (Province)
|z Uashat Indian Reserve.
|
| 650 |
|
0 |
|a Social work with native peoples
|z Quebec (Province)
|z Maliotenam Indian Reserve.
|
| 650 |
|
0 |
|a Social work with native peoples
|z Quebec (Province)
|z Uashat Indian Reserve.
|
| 650 |
|
0 |
|a Minority social workers
|z Quebec (Province)
|z Maliotenam Indian Reserve.
|
| 650 |
|
0 |
|a Minority social workers
|z Quebec (Province)
|z Uashat Indian Reserve.
|
| 655 |
|
7 |
|a Electronic books.
|2 local
|
| 710 |
2 |
|
|a Project Muse.
|e distributor
|
| 830 |
|
0 |
|a Book collections on Project MUSE.
|
| 856 |
4 |
0 |
|z Texto completo
|u https://projectmuse.uam.elogim.com/book/83785/
|
| 945 |
|
|
|a Project MUSE - Custom Collection
|